| 000 | 00671nam a2200265Ia 4500 | ||
|---|---|---|---|
| 003 | OSt | ||
| 005 | 20220912152052.0 | ||
| 006 | a|||||r|||| 00| 0 | ||
| 007 | ta | ||
| 008 | 220909b |||||||| |||| 00| 0 eng d | ||
| 024 | _a59791 | ||
| 037 | _cTextual | ||
| 040 |
_aCSL _beng _cCSL |
||
| 041 | _aeng | ||
| 082 | _aI23:18.1, G8 CS | ||
| 100 | _aMundkur B B | ||
| 245 | 0 | _aFungi of india | |
| 260 | _c1938 | ||
| 300 |
_ap. _ccm. |
||
| 490 | _aImperial council of agricultural research, scientific monographs; 12 | ||
| 650 | _a Fungai | ||
| 650 | _aBotany | ||
| 942 |
_hI23:18.1, G8 CS _cTEXL _2CC |
||
| 999 |
_c80600 _d80600 |
||